000
00191 a2200097 4500
001
2827
100
_a
Dryden
245
_a
Poetry and prose
260
_a
_b
Clarendon
_c
090
_c
2122
_d
2122
942
_a
NUST-CAE
_c
M
_c
12470
999
_c
237900
_d
237900